Pirati, fantasmi e dinosauri /

In questa raccolta di racconti lo scrittore ha ordinato per grandi temi le storie che lo hanno accompagnato per tutta la vita. Anzitutto l'infanzia e le prime esperienze della giovinezza, nell'Argentina degli anni '50 e '60, segnata dalla presenza ingombrante di Peròn. Poi i ritratti a tutto tondo d...

Fuld beskrivelse

Saved in:
Bibliografiske detaljer
Hovedforfatter: Soriano, Osvaldo (Author)
Andre forfattere: Felici, Glauco
Format: Bog
Sprog:italiensk
Udgivet: Torino : Einaudi, [1998]
Serier:I coralli ; 80
Tags: Tilføj Tag
Ingen Tags, Vær først til at tagge denne postø!

MARC

LEADER 00000nam a22000007i 4500
001 IT\ICCU\TO0\0597477
003 ItRI
005 20260115231853.0
008 980129s1998 it |||||| ||||| |||||c
015 |2 IT  |a 98-10988 
020 |a 8806145401 
040 |b ita  |c importazione bologna sebina 
041 7 |a ita  |2 ISO-639-2 
082 |a 868  |9 SCRITTI MISCELLANEI SPAGNOLI  |2 20 
100 1 |a Soriano, Osvaldo  |0 IT\ICCU\CFIV\070479  |4 aut 
240 1 0 |a Piratas, fantasmas y dinosaurios.  |3 IT\ICCU\TO0\0597478  |9 Soriano, Osvaldo 
245 1 0 |a Pirati, fantasmi e dinosauri /  |c Osvaldo Soriano ; traduzione di Glauco Felici. 
260 |a Torino :  |b Einaudi,  |c [1998] 
300 |a 264 p. ;  |c 22 cm. 
520 |a In questa raccolta di racconti lo scrittore ha ordinato per grandi temi le storie che lo hanno accompagnato per tutta la vita. Anzitutto l'infanzia e le prime esperienze della giovinezza, nell'Argentina degli anni '50 e '60, segnata dalla presenza ingombrante di Peròn. Poi i ritratti a tutto tondo di grandi dinosauri entrati nell'immaginario collettivo: un leggendario campione del volante, Fangio; un pugile che corre verso un destino di dannazione, Monzon; uno scrittore veggente da sempre avvolto nei veli della leggenda, Borges; uno scrittore che rappresenta bene l'anima cosmopolita dell'Argentina intellettuale, Cortazar, parigino d'adozione. 
700 1 |a Felici, Glauco  |0 IT\ICCU\CFIV\105731 
830 2 |a I coralli ;  |v 80  |0 IT\ICCU\LO1\0321890 
942 |2 ddc  |c BK  |n 0 
952 |0 0  |1 0  |4 0  |6 DOC_868_640000000000000_SOR  |7 0  |9 14812  |a BO  |b BO  |d 2026-01-15  |i 11103  |l 0  |o DOC 868.64 SOR  |p BO11103  |r 2026-01-15 23:18:53  |w 2026-01-15  |x [Sebina 5] [1 v.]  |y BK  |z 1 v. 
999 |c 12768  |d 12768